000 00333nam a22001337a 4500
020 _a9783030171
040 _cIESE NUST
082 _a551
_bGIL
100 _aJoel C. Gill Martin Smith
_9124343
245 _aGeosciences and sustainable development goals
260 _aswitzerland
_bSpringer
300 _bPb
942 _2ddc
_cBK
_k551
999 _c610223
_d610223